| 000 | 00617nam a22002057a 4500 | ||
|---|---|---|---|
| 005 | 20140310183635.0 | ||
| 008 | 131126b xxu||||| |||| 00| 0 eng d | ||
| 020 | _a971574012X | ||
| 050 |
_aLB 10.25 _b.P125 1998 |
||
| 100 | _aPadua, Roberto N. | ||
| 245 |
_aFundamentals of educational research and data analysis / _cRoberto N. Padua. |
||
| 260 |
_aQuezon City, Philippines : _bKatha Publishing Co. Inc., _c1998. |
||
| 300 |
_a130 p. : _c27 cm. |
||
| 521 | _aEDU | ||
| 650 | _aEducational research | ||
| 650 | _aData analysis | ||
| 700 | _ade Guzman-Santos, Rosita | ||
| 942 |
_2lcc _cBK _kLOC |
||
| 999 |
_c25705 _d25705 |
||